000 00922nam a22002657a 4500
001 997
005 20250213153508.0
020 _a9780439114936
040 _aFISKH
_beng
_cFISKH
_dFISKH
050 _aPZ7.M26572
082 _a523.1
100 _aMoore, Eva
245 _aSpace explorers /
_cillustrations by Ted Enik
250 _aThis edition first printing, January 2000.
260 _aNew York :
_bScholastic,
_c2000.
300 _a76 pages :
_billustrations,
_c20 cm.
490 _3The magic school bus science:
_achapter book,
_vBook 4.
505 _aP
520 _aCarlos and his classmates join Ms. Frizzle on an expedition to outer space where they learn about the solar system.
521 _a640
_bLexile
521 _aP
_bRaz-Plus
650 _2Outer Space
_aExplarations
_vastronomy
_xsolar system
650 _2Outer Space
_aExplarations
_vastronomy
_xsolar system
942 _2ddc
_cBK
_n0
999 _c997
_d997